000 00421nam a2200169 a 4500
001 6427
003 CO-ViMGA
008 141112s2004 ck r 000 u spa d
040 _aCO-ViMGA
_bspa
_cCO-ViMGA
082 0 4 _a668.55 B171
100 1 _aBarbada, Jose Luis
_95200
245 1 0 _aCosmética Natural
260 _aBuenos Aires :
_bAlbatros,
_c1991
300 _a79 p
650 1 4 _aCOSMETOLOGIA
_949067
942 _2ddc
_cBK
999 _c18397
_d18397